| 000 | 00498nam a22001337a 4500 | ||
|---|---|---|---|
| 040 | _cNUST | ||
| 082 | _a220 PRO | ||
| 100 |
_aAsfand Kamran Noman Bashir Ruqaiya Attaullah Usama Safdar _986424 |
||
| 110 |
_aSponsoring Ds: Dr. Umar Shahbaz Khan Dr. Tahir Jameel (Nescom) Lec. Sereen Atif _986425 |
||
| 245 | _aPR-SOF-1979-Formal Verification and Simulation of Obstacle Avoidance on Nao Robot | ||
| 260 |
_aISLAMABAD: _bNUST COLLEGE OF EME, _c2020. |
||
| 650 |
_aDE-MTS-38 _986426 |
||
| 942 |
_2ddc _cPR |
||
| 999 |
_c587319 _d587319 |
||